El trabajador en la gran minería: perfil y evolución de los recursos humanos en la gran minería
保存先:
| フォーマット: | 図書 |
|---|---|
| 言語: | スペイン語 |
| 出版事項: |
Santiago
Consejo Minero
2000
|
| 主題: | |
| タグ: |
タグ追加
タグなし, このレコードへの初めてのタグを付けませんか!
|
MARC
| LEADER | 00000nam a2200000 a 4500 | ||
|---|---|---|---|
| 001 | UCM0972 | ||
| 003 | CL-VaPUC | ||
| 008 | 020322e20000800CL |||||||||||||||||spa|d | ||
| 082 | 0 | 4 | |a 331.7622 |b TRA |2 21 |
| 245 | 1 | 3 | |a El trabajador en la gran minería: perfil y evolución de los recursos humanos en la gran minería |
| 300 | |a 55 p | ||
| 942 | |c BK | ||
| 945 | |d 20020322 00:00:00 |a vberengu | ||
| 260 | |a Santiago |b Consejo Minero |c 2000 | ||
| 650 | 0 | |a Industria minera |9 260256 | |
| 650 | 0 | |a Trabajadores |9 260887 | |
| 650 | 7 | |a INDUSTRIAS EXTRACTIVAS |2 CL-VaPUC |9 340303 | |
| 650 | 0 | |a Recursos humanos |9 228420 | |
| 650 | 0 | |a Empleo |9 339124 | |
| 650 | 7 | |a CONDICIONES DE EMPLEO |2 CL-VaPUC |9 342232 | |
| 650 | 0 | |a Condiciones de trabajo |9 359118 | |
| 650 | 0 | |a Salarios |9 255321 | |
| 650 | 7 | |a CAPACITACION |2 CL-VaPUC |9 333907 | |
| 651 | 7 | |a CHILE |2 CL-VaPUC |9 467954 | |
| 583 | |a last modification |c 20020322 00:00:00 |k Rodrigo Vera | ||
| 999 | |c 299700 |d 299698 | ||
| 952 | |0 0 |1 0 |4 0 |6 331_762200000000000_TRA_2000 |7 0 |8 A |9 356579 |a BIBGIM |b BIBGIM |d 2019-11-21 |i 3742008 |o 331.7622 TRA 2000 |p 3742008 |r 2025-01-15 |w 2019-11-21 |y BK |k GIM | ||